000 00463nam a2200181Ia 4500
001 1615
005 20260306143741.0
008 260306t2017||||xx |||||||||||||| ||spa||
041 _aESP
082 _a153.44
_bG52
100 _aGladwell, Malcolm
_eAUT
245 0 _aInteligencia intuitiva:
_b¿por qué sabemos la verdad en dos segundos?
260 _c2017
300 _a293 páginas :
_c21 cm.
650 _aGEN
654 _aCPS
942 _cLIB
_dJUS
_fJUS
_2ddc
_n
999 _c1615
_d1615